| 000 | 01288nam a22002297a 4500 | ||
|---|---|---|---|
| 001 | 8681 | ||
| 003 | FISKH | ||
| 005 | 20251010092249.0 | ||
| 008 | 251010b cb ||||| |||| 00| 0 eng d | ||
| 020 | _a9781107676091 | ||
| 040 |
_aFISKH _beng _cFISKH _dFISKH |
||
| 082 | _a428.24 | ||
| 100 | _aLinse, Caroline | ||
| 245 |
_aCambridge global English learner's book stage 1 / _cCaroline Linse and Elly Schottman |
||
| 260 |
_aNew York : _bCambridge, _c2014. |
||
| 300 |
_a144 pages : _bcolor illustrations ; _c28 cm |
||
| 520 | _aThe Learner's Book serves as the core instructional material for Stage 1, encompassing nine thematic units that integrate listening, speaking, reading, and writing activities. Each unit is structured around a central theme and includes six lessons, concluding with a project and self-assessment opportunity. The content is rich in illustrations and features various text types, including factual and fictional narratives, dialogues, and poetry. Key features such as 'Writing Tip', 'Language Detective', and 'Words to Remember' are incorporated to enhance vocabulary development and language awareness. | ||
| 650 |
_aLanguage Learning _vLearner's Book _xCambridge Curriculum |
||
| 700 |
_aSchottman, Elly _eAuthor |
||
| 942 |
_2ddc _cBK _n0 |
||
| 999 |
_c8681 _d8681 |
||